000 00333nam a22001457a 4500
008 210303b ||||| |||| 00| 0 eng d
020 _a9780064671132
041 _aeng
080 _a330.101.541
082 _a330.101.541
100 _a52
101 _aMAKRO
245 _aIntroducion to Economics
_cCasler, S.D
942 _2udc
_cBK
999 _c55601
_d55601